00553nam a2200145 a 4500008004100000050001500041100001600056245004000072260002800112300001500140350000900155995009500164999001700259952013100276120416s1967 ||||||||||||||||| || u aHT 391 Gil aGillie, F.B10aBasic thinking in regional planning aThe HaguebMoutonc1967 aviii, 95p. a0.00 D0.00FCBU-MAIN LIBRARY (Kitwe)H1I0.00M1UAVAILABLEZMain Library Open Access Collection c35632d35632 00102lcc4070a001b001cMain Library Open Access Collectiond2022-11-30l0oHT 391 Gilp008825r2022-11-30w2022-11-30y002